Seleção Real Madrid Champions League 2024/2025 - Statistics

Estatísticas Gerais
  • Esse quiz foi jogado 237 vezes
  • A pontuação média é 18 de 25
Estatísticas das Respostas
Imagem Resposta % Correto
Éder Militão
95%
Thibaut Courtois
92%
Antonio Rüdiger
91%
Dani Carvajal
91%
David Alaba
91%
Luka Modrić
91%
Eduardo Camavinga
90%
Ferland Mendy
90%
Andriy Lunin
89%
Federico Valverde
89%
Jude Bellingham
88%
Rodrygo
88%
Endrick
87%
Kylian Mbappé
87%
Vinícius Junior
87%
Arda Güler
80%
Aurelién Tchouaméni
78%
Brahim Díaz
67%
Lucas Vázquez
62%
Fran García
58%
Dani Ceballos
50%
Jesús Vallejo
49%
Sergio Mestre
8%
Lorenzo Aguado
4%
Kike Ribes
1%
Nenhum quiz correspondente encontrado
Distribuição das Pontuações
Porcentagem de Pessoas com Cada Pontuação
Percentil de Números Respondidos
Sua Pontuação Histórica
Você não jogou esse quiz